ბათუმის შოთა რუსთაველის სახელმწიფო უნივერსიტეტის ბიბლიოთეკა

Family, School, and Community Partnerships for Students with Disabilities / (ბიბ.ჩანაწერი № 58136)

000 -LEADER
fixed length control field 01016nam a22001937a 4500
005 - DATE AND TIME OF LATEST TRANSACTION
control field 20210701121516.0
008 - FIXED-LENGTH DATA ELEMENTS--GENERAL INFORMATION
fixed length control field 210625s2019 eng||||| |||| 00| 0 eng d
020 ## - INTERNATIONAL STANDARD BOOK NUMBER
International Standard Book Number 9789811363078
041 ## - LANGUAGE CODE
Language code of text/sound track or separate title eng
080 ## - UNIVERSAL DECIMAL CLASSIFICATION NUMBER
Universal Decimal Classification number 364-22-056+376.2 F-22
245 ## - TITLE STATEMENT
Title Family, School, and Community Partnerships for Students with Disabilities /
Statement of responsibility, etc. Editors Lusa Lo, Xu Yaoying.
264 ## - PRODUCTION, PUBLICATION, DISTRIBUTION, MANUFACTURE, AND COPYRIGHT NOTICE
Place of production, publication, distribution, manufacture Boston:
Name of producer, publisher, distributor, manufacturer Springer,
Date of production, publication, distribution, manufacture, or copyright notice 2019.
300 ## - PHYSICAL DESCRIPTION
Extent 177 p.;
Other physical details 24 cm.
653 ## - INDEX TERM--UNCONTROLLED
keyword საოჯახო, სასკოლო და საზოგადოებრივი პარტნიორობა შეზღუდული შესაძლებლობის მქონე სტუდენტებისთვის
653 ## - INDEX TERM--UNCONTROLLED
keyword Партнерство семьи, школы и сообщества для учащихся с ограниченными возможностями
700 ## - ADDED ENTRY--PERSONAL NAME
Personal name Lo, Lusa
Relator term რედაქტორი
9 (RLIN) 12127
700 ## - ADDED ENTRY--PERSONAL NAME
Personal name Yaoying, Xu
Relator term რედაქტორი
9 (RLIN) 12128
942 ## - ADDED ENTRY ELEMENTS (KOHA)
Source of classification or shelving scheme
Koha item type წიგნი
ეგზემპლარები
Withdrawn status Lost status Source of classification or shelving scheme Damaged status Not for loan Permanent Location Current Location Shelving location Date acquired Cost, normal purchase price Full call number Barcode Date last seen Copy number Price effective from Koha item type Public note
          ბათუმის შოთა რუსთაველის სახელმწიფო უნივერსიტეტის მთავარი ბიბლიოთეკა ბათუმის შოთა რუსთაველის სახელმწიფო უნივერსიტეტის მთავარი ბიბლიოთეკა წიგნსაცავი 2021-06-25 326.00 364-22-056+376.2 F-22 61415 2021-06-25 61415 2021-06-25 წიგნი 326 ლ.